|
|
|
|
| LEADER |
00934nab a2200241 i 4500 |
| 001 |
misc64370 |
| 005 |
20230605154213.0 |
| 008 |
230526s1968 hu o 0|| tur d |
| 040 |
|
|
|a SZTE Miscellanea Repozitórium
|b hun
|
| 041 |
|
|
|a tur
|
| 100 |
1 |
|
|a Rásonyi László
|
| 245 |
1 |
0 |
|a Feridüddin Attar Tezkeret ül-Evliyasının Budapește yazması
|h [elektronikus dokumentum] /
|c Rásonyi László
|
| 260 |
|
|
|a Türk Tarih Kurumu basımevi
|b Ankara
|c 1968
|
| 300 |
|
|
|a 83-86
|c 24 cm
|
| 300 |
|
|
|a [4] p.
|c 24 cm
|
| 490 |
0 |
|
|a Bilimsel bildiriler, 1966 : XI. Türk Dil Kurultayına okunan bilimsel bildiriler
|
| 561 |
|
|
|a Németh Gyula hagyaték
|
| 591 |
|
|
|a NOA 4830; NOA 4831
|
| 650 |
|
4 |
|a Bölcsészettudományok
|
| 650 |
|
4 |
|a Nyelvek és irodalom
|
| 695 |
|
|
|a Perzsa irodalom - költészet - 12. sz.
|
| 700 |
0 |
1 |
|a `Attar Farid al-Din Muhammad
|
| 856 |
4 |
0 |
|u http://misc.bibl.u-szeged.hu/64370/1/4830_noa.pdf
|z Dokumentum-elérés
|